[Event "World Rapid Women 2019"]
[Site "Moscow RUS"]
[Date "2019.12.27"]
[Round "5.59"]
[White "Nur-Mukhametova, Alisa"]
[Black "Karavaeva, Olga"]
[Result "0-1"]
[BlackTitle "WIM"]
[WhiteElo "2213"]
[BlackElo "2260"]
[WhiteFideId "54117739"]
[BlackFideId "4124111"]
[EventDate "2019.12.26"]

1. e4 c5 2. Nf3 e6 3. d4 cxd4 4. Nxd4 Nf6 5. Nc3 Nc6 6. g3 Bb4 7. Bg2 d5 8. exd5
Nxd5 9. Nxc6 bxc6 10. Bd2 O-O 11. O-O Ba6 12. Re1 Nxc3 13. bxc3 Ba5 14. Bxc6 Rc8
15. Be4 Bxc3 16. Bxc3 Rxc3 17. Qh5 f5 18. Rad1 Qb6 19. Bd3 Bxd3 20. cxd3 Rfc8
21. Qe2 R8c6 22. Rb1 Qc7 23. d4 Rc2 24. Qe3 Qd6 25. a4 h6 26. Rb7 a6 27. a5 Ra2
28. Qb3 Rxa5 29. Rb8+ Kh7 30. Re8 Qxd4 31. R8xe6 Ra1 32. Re2 Rcc1 33. Rxc1 Rxc1+
34. Kg2 a5 35. Qf3 Qc5 36. Rd2 Rc2 37. Rd3 a4 38. Re3 Qc6 39. Ra3 Qxf3+ 40. Kxf3
Rc4 41. Ke3 Kg6 42. Kd3 Rb4 43. Ra2 Kg5 44. h3 f4 45. gxf4+ Kxf4 46. Kc3 Rb3+
47. Kc4 Rxh3 48. Rxa4 Kf3 49. Ra7 Rh4+ 50. Kd3 g5 51. Rf7+ Rf4 52. Rh7 Rf6 0-1

[Event "World Rapid Women 2019"]
[Site "Moscow RUS"]
[Date "2019.12.27"]
[Round "5.60"]
[White "Heinemann, Josefine"]
[Black "Agrest, Inna"]
[Result "1/2-1/2"]
[WhiteTitle "WGM"]
[BlackTitle "WIM"]
[WhiteElo "2318"]
[BlackElo "2286"]
[WhiteFideId "12900460"]
[BlackFideId "1708830"]
[EventDate "2019.12.26"]

1. e4 e5 2. Nf3 Nc6 3. Bb5 a6 4. Ba4 Nf6 5. O-O Bc5 6. c3 b5 7. Bb3 d6 8. a4 Bg4
9. d3 Rb8 10. Nbd2 O-O 11. h3 Bh5 12. Re1 b4 13. Bc4 a5 14. g4 Bg6 15. Bb5 Na7
16. Bc4 Nc6 17. Bb5 Na7 18. Bc4 Nc6 1/2-1/2

[Event "World Rapid Women 2019"]
[Site "Moscow RUS"]
[Date "2019.12.27"]
[Round "6.1"]
[White "Tan, Zhongyi"]
[Black "Arabidze, Meri"]
[Result "1/2-1/2"]
[WhiteTitle "GM"]
[BlackTitle "IM"]
[WhiteElo "2502"]
[BlackElo "2435"]
[WhiteFideId "8603642"]
[BlackFideId "13604040"]
[EventDate "2019.12.26"]

1. c4 e6 2. Nc3 d5 3. d4 Nf6 4. Bg5 Nbd7 5. e3 h6 6. Bh4 Be7 7. Nf3 O-O 8. Rc1
c5 9. cxd5 Nxd5 10. Bxe7 Nxe7 11. Be2 b6 12. dxc5 Nxc5 13. b4 Qxd1+ 14. Rxd1 Na6
15. a3 Nc7 16. e4 Ng6 17. O-O e5 18. h4 Bg4 19. g3 Ne6 20. Nd5 Rfe8 21. Rc1 Rac8
22. Ne3 Bxf3 23. Bxf3 Nd4 24. Bg4 Rxc1 25. Rxc1 Nf8 26. Nf5 Nfe6 27. Nd6 Rd8 28.
Rc8 Rxc8 29. Nxc8 Nc2 30. Nxa7 Nxa3 31. Nc6 Nc2 32. Bxe6 fxe6 33. h5 b5 34. Kf1
Kf7 35. Nxe5+ Kf6 36. Nc6 Kg5 37. Ke2 Kxh5 38. Kd2 Na3 39. Nd4 e5 40. Nf5 Nc4+
41. Kd3 g6 42. Ne7 g5 43. Nd5 Kg4 44. Ke2 Kh3 45. Nf6 Kg2 46. g4 Kh3 47. f3 Kg3
48. Ng8 Na3 49. Nxh6 Nc2 50. Kd2 Nxb4 51. Nf7 Kxf3 52. Nxe5+ Kxe4 53. Nf7 Kf4
54. Nd6 Kxg4 55. Nxb5 Kf3 56. Ke1 g4 57. Kf1 Nc6 58. Nd6 Nd4 59. Nc4 g3 60. Ne5+
Kf4 61. Kg2 Nf5 62. Nd3+ Kg4 63. Ne5+ Kh4 64. Ng6+ Kg5 65. Ne7 Nxe7 66. Kxg3 1/2-1/2

[Event "World Rapid Women 2019"]
[Site "Moscow RUS"]
[Date "2019.12.27"]
[Round "6.2"]
[White "Bulmaga, Irina"]
[Black "Koneru, Humpy"]
[Result "1-0"]
[WhiteTitle "IM"]
[BlackTitle "GM"]
[WhiteElo "2434"]
[BlackElo "2574"]
[WhiteFideId "13903063"]
[BlackFideId "5008123"]
[EventDate "2019.12.26"]

1. e4 e5 2. d4 exd4 3. Nf3 Bb4+ 4. c3 dxc3 5. Nxc3 Ne7 6. Bc4 O-O 7. O-O c6 8.
Bg5 h6 9. Bh4 Qa5 10. a3 Bxc3 11. Bxe7 Re8 12. Bd6 Rxe4 13. bxc3 Rxc4 14. Qe2
Qa6 15. Qe8+ Kh7 16. Qxc8 b5 17. Qf8 c5 18. Ne5 Rf4 19. Bxb8 Qb7 20. Qxc5 Rxb8
21. Rad1 Rc8 22. Qe7 Rxc3 23. Nxd7 Rc7 24. Nf8+ Kg8 25. Qe8 Rc8 26. Rd8 Re4 27.
Ne6+ Kh7 28. Rxc8 Rxe6 29. Qd8 a5 30. Rc7 Qe4 31. Rxf7 b4 32. axb4 axb4 33. Rf3
Rg6 34. Qd3 1-0

[Event "World Rapid Women 2019"]
[Site "Moscow RUS"]
[Date "2019.12.27"]
[Round "6.3"]
[White "Batsiashvili, Nino"]
[Black "Lei, Tingjie"]
[Result "0-1"]
[WhiteTitle "GM"]
[BlackTitle "GM"]
[WhiteElo "2447"]
[BlackElo "2483"]
[WhiteFideId "13602993"]
[BlackFideId "8605114"]
[EventDate "2019.12.26"]

1. c4 e6 2. Nf3 d5 3. g3 Nf6 4. Bg2 Be7 5. O-O O-O 6. d4 dxc4 7. Qc2 a6 8. a4
Bd7 9. Qxc4 Bc6 10. Bg5 Bd5 11. Qc2 Be4 12. Qd2 h6 13. Bxf6 Bxf6 14. Nc3 Bxf3
15. Bxf3 c6 16. Rad1 a5 17. h4 Na6 18. e4 Nb4 19. e5 Be7 20. Qe2 Nd5 21. Be4 f5
22. exf6 Bxf6 23. Bb1 Re8 24. Qe4 Nxc3 25. bxc3 Qd5 26. Qh7+ Kf8 27. Rfe1 Ke7
28. Be4 Qc4 29. d5 Rad8 30. dxe6 Rxd1 31. Rxd1 Rd8 32. Rxd8 Kxd8 33. Qg8+ Kc7
34. Qf7+ Kb6 35. Bf3 Qxc3 36. Kg2 Qc5 37. Qg6 Qd6 38. Qe4 Qb4 39. Qc2 Kc7 40.
Qd1 Qd4 41. Qe1 Qb4 42. Qd1 Qd6 43. Qe1 Qc5 44. Qe4 Be7 45. Qf4+ Kb6 46. Qd2 Bf6
47. Qe2 Qb4 48. Qd1 Ka7 49. Qd7 Kb6 50. Qd1 Be7 51. Qe2 g5 52. hxg5 hxg5 53. Qd1
Qd6 54. Qe2 Qd4 55. Qc2 g4 56. Be4 Bc5 57. Bf5 Qd5+ 58. Kf1 Qh1+ 59. Ke2 Qg2 60.
Ke1 Qg1+ 61. Kd2 Qxf2+ 62. Kc1 Qxg3 63. Qe4 Qa3+ 64. Kd2 g3 65. Bh3 Qb2+ 66. Kd1
Qf6 67. Bg2 Ka7 68. Kc2 Qf2+ 69. Kd3 Qb2 70. Bf3 Qb3+ 71. Ke2 Qb2+ 72. Kd3 Qf6
73. Bg2 Kb6 74. Bf3 Kc7 75. Bg2 Bb4 76. Qh7+ Kb6 77. Qe4 Qf2 78. Qd4+ Qxd4+ 79.
Kxd4 Kc7 80. Ke5 Bc3+ 81. Ke4 Kd6 82. Bh3 b5 83. axb5 cxb5 84. Bf1 Kxe6 85. Kf3
b4 86. Kxg3 Kd5 87. Kf3 a4 88. Bd3 a3 89. Bh7 Kd4 90. Bg8 Kd3 91. Bb3 Bd4 92.
Be6 Kc3 93. Ke4 Bg7 0-1

[Event "World Rapid Women 2019"]
[Site "Moscow RUS"]
[Date "2019.12.27"]
[Round "6.4"]
[White "Girya, Olga"]
[Black "Pogonina, Natalija"]
[Result "0-1"]
[WhiteTitle "WGM"]
[BlackTitle "WGM"]
[WhiteElo "2488"]
[BlackElo "2479"]
[WhiteFideId "4195752"]
[BlackFideId "4147855"]
[EventDate "2019.12.26"]

1. d4 d5 2. c4 e6 3. Nc3 Nf6 4. Nf3 Be7 5. Bf4 O-O 6. e3 b6 7. Bd3 Bb7 8. O-O c5
9. cxd5 exd5 10. b3 Nc6 11. dxc5 bxc5 12. Rc1 Rc8 13. Bf5 Ra8 14. Bg5 Nb4 15. a3
Na6 16. Qe2 Qa5 17. Nb5 h6 18. Bh4 Bc8 19. b4 Qb6 20. bxc5 Nxc5 21. Bxc8 Rfxc8
22. Nfd4 a6 23. Nf5 Bf8 24. Nbd4 Nce4 25. f3 Nd6 26. Nxh6+ gxh6 27. Bxf6 Nc4 28.
Bh4 Re8 29. Nf5 Nxe3 30. Nxe3 Qxe3+ 31. Qxe3 Rxe3 32. Rfd1 Bxa3 33. Rc7 a5 34.
Rxd5 Bf8 35. Rdd7 Rb8 36. h3 Re2 37. Rxf7 Rbb2 38. Kf1 Rxg2 39. Bf6 Rbf2+ 40.
Ke1 Rxf3 41. Rxf8+ Kxf8 42. Be7+ Ke8 43. Bc5 Rc3 44. Kf1 Ra2 45. Re7+ Kd8 46.
Re5 Rc1+ 47. Re1 Rxe1+ 48. Kxe1 Rh2 0-1

[Event "World Rapid Women 2019"]
[Site "Moscow RUS"]
[Date "2019.12.27"]
[Round "6.5"]
[White "Nurgali, Nazerke"]
[Black "Dzagnidze, Nana"]
[Result "0-1"]
[WhiteTitle "WFM"]
[BlackTitle "GM"]
[WhiteElo "2336"]
[BlackElo "2520"]
[WhiteFideId "13711261"]
[BlackFideId "13601903"]
[EventDate "2019.12.26"]

1. d4 Nf6 2. c4 e6 3. g3 c5 4. d5 exd5 5. cxd5 g6 6. Nc3 Bg7 7. Bg2 d6 8. Nf3
O-O 9. O-O Na6 10. Nd2 Nc7 11. a4 b6 12. e4 Rb8 13. Re1 Ng4 14. Nf3 a6 15. h3
Ne5 16. Nxe5 Bxe5 17. f4 Bd4+ 18. Be3 Bg7 19. Bf2 f6 20. g4 b5 21. f5 bxa4 22.
Nxa4 Bd7 23. b3 Rb4 24. Nb2 Bb5 25. Qc2 Re8 26. Be3 Qb8 27. Bd2 Rd4 28. Bc3 Bh6
29. Bxd4 cxd4 30. fxg6 hxg6 31. e5 dxe5 32. Qxg6+ Bg7 33. Be4 Qd8 34. Qh7+ Kf8
35. Nd3 Nxd5 36. Nc5 Nf4 37. Qf5 d3 38. g5 d2 39. Red1 Qd4+ 40. Kh1 Nh5 41. Qf3
Be2 42. Qg2 Nf4 43. Qg3 Bxd1 44. Rxd1 Qxc5 45. gxf6 Bxf6 46. Rg1 Ke7 47. Qg4 Rh8 0-1

[Event "World Rapid Women 2019"]
[Site "Moscow RUS"]
[Date "2019.12.27"]
[Round "6.6"]
[White "Harika, Dronavalli"]
[Black "Galliamova, Alisa"]
[Result "1-0"]
[WhiteTitle "GM"]
[BlackTitle "IM"]
[WhiteElo "2518"]
[BlackElo "2438"]
[WhiteFideId "5015197"]
[BlackFideId "4129725"]
[EventDate "2019.12.26"]

1. d4 d5 2. Nf3 Nf6 3. c4 c6 4. Qb3 e6 5. g3 Be7 6. Bg2 O-O 7. O-O Nbd7 8. Bf4
Nh5 9. Nc3 Nxf4 10. gxf4 Qb6 11. Qc2 dxc4 12. e3 c5 13. d5 Nf6 14. dxe6 Bxe6 15.
f5 Bd7 16. e4 Bc6 17. Ne5 Rfe8 18. Nxc6 bxc6 19. e5 Ng4 20. Rae1 Rad8 21. h3 Nh6
22. Re3 Rd3 23. Rxd3 cxd3 24. Qxd3 Bg5 25. Qg3 Bd8 26. Be4 Qxb2 27. f6 g6 28.
Rb1 Qa3 29. Qe3 Kh8 30. Qxh6 Rg8 31. Rb3 Qa5 32. Rb8 Qc7 33. Ra8 Qd7 34. Kg2 Qc7
35. f4 Qd7 36. Kg3 Qd2 37. Ne2 Qxe2 38. Rxd8 Qe3+ 39. Bf3 Qg1+ 40. Bg2 1-0

[Event "World Rapid Women 2019"]
[Site "Moscow RUS"]
[Date "2019.12.27"]
[Round "6.8"]
[White "Muzychuk, Mariya"]
[Black "Kashlinskaya, Alina"]
[Result "1-0"]
[WhiteTitle "GM"]
[BlackTitle "IM"]
[WhiteElo "2559"]
[BlackElo "2484"]
[WhiteFideId "14114550"]
[BlackFideId "4198026"]
[EventDate "2019.12.26"]

1. e4 e6 2. d4 d5 3. Nc3 Nf6 4. Bg5 dxe4 5. Nxe4 Be7 6. Bxf6 gxf6 7. Qd2 b6 8.
O-O-O Bb7 9. Nc3 c6 10. f4 f5 11. Nf3 Nd7 12. Qe3 Qc7 13. Ne5 Nf6 14. Bc4 Qd6
15. Rhe1 b5 16. Nxf7 Kxf7 17. Bxe6+ Kf8 18. Bxf5 Rg8 19. g3 Rg7 20. Qf3 Rb8 21.
Re6 Qd8 22. Qd3 b4 23. Ne4 Bc8 24. Re5 Nd5 25. Nc5 Bxc5 26. dxc5 Bxf5 27. Qxf5+
Rf7 28. Qh3 Kg7 29. Re6 Qa5 30. Qg4+ Kf8 31. Qg5 Qxa2 32. Qe5 Kg8 33. Qxb8+ Kg7
34. Qe5+ Nf6 35. Qg5+ 1-0

[Event "World Rapid Women 2019"]
[Site "Moscow RUS"]
[Date "2019.12.27"]
[Round "6.9"]
[White "Mammadova, Gulnar"]
[Black "Muzychuk, Anna"]
[Result "0-1"]
[WhiteTitle "IM"]
[BlackTitle "GM"]
[WhiteElo "2386"]
[BlackElo "2537"]
[WhiteFideId "13403508"]
[BlackFideId "14111330"]
[EventDate "2019.12.26"]

1. e4 e5 2. Nf3 Nc6 3. Bc4 Bc5 4. d3 Nf6 5. Nc3 h6 6. Be3 Bxe3 7. fxe3 d6 8. a3
Ne7 9. d4 Ng6 10. dxe5 Ng4 11. exd6 Nxe3 12. Bb5+ c6 13. Qd2 Qb6 14. Bd3 Nf4 15.
Rg1 Qxb2 16. Rb1 Qxa3 17. Rb3 Qa1+ 18. Rb1 Qa5 19. h3 Nexg2+ 20. Rxg2 Nxg2+ 21.
Kf1 Bxh3 22. Ng1 Ne3+ 23. Ke2 Bg4+ 24. Kf2 Rd8 25. Re1 Nd1+ 26. Kg3 Qxc3 27.
Qxc3 Nxc3 28. Kxg4 Rxd6 29. e5 Rd4+ 30. Kg3 Ke7 31. Nf3 Rb4 32. Nh4 g6 33. e6
Rg8 34. exf7+ Kxf7 35. Nf3 Kf6 36. Kg2 Nd5 37. Kg3 h5 38. Ne5 Rg7 39. Nc4 Re7
40. Rf1+ Kg7 41. Nd6 Rg4+ 42. Kh2 Nf4 43. Bc4 Re3 0-1

[Event "World Rapid Women 2019"]
[Site "Moscow RUS"]
[Date "2019.12.27"]
[Round "6.10"]
[White "Paehtz, Elisabeth"]
[Black "Lagno, Kateryna"]
[Result "0-1"]
[WhiteTitle "IM"]
[BlackTitle "GM"]
[WhiteElo "2475"]
[BlackElo "2547"]
[WhiteFideId "4641833"]
[BlackFideId "14109336"]
[EventDate "2019.12.26"]

1. d4 Nf6 2. Bf4 c5 3. d5 d6 4. Nc3 e5 5. dxe6 Bxe6 6. e4 Nc6 7. Nf3 Be7 8. Qd2
O-O 9. Be2 d5 10. exd5 Nxd5 11. Nxd5 Qxd5 12. Qxd5 Bxd5 13. O-O-O Rad8 14. Bc7
Rd7 15. Ne5 Rxc7 16. Rxd5 Nb4 17. Rdd1 Bg5+ 18. Kb1 Re7 19. Nd7 Rxe2 20. Nxf8
Kxf8 21. c3 Nc6 22. Rhf1 Bf6 23. Rde1 Rd2 24. Rd1 Rxd1+ 25. Rxd1 Ke7 26. Kc2 Be5
27. Kd3 Bd6 28. Kc4 Kd7 29. f4 g6 30. Rd3 h5 31. Kd5 Ne7+ 32. Ke4 Ke6 33. g3 f5+
34. Kf3 Nd5 35. Rd2 Nf6 36. Rd1 Ne4 37. c4 a6 38. a4 Be7 39. b3 Bf6 40. Re1 Bd4
41. Re2 Kd6 42. h3 Kc6 43. g4 h4 44. gxf5 gxf5 45. Rg2 Ng3 46. Ra2 Kb6 47. a5+
Kc6 48. Rc2 Ne4 49. Rg2 Ng3 50. Rc2 b6 51. axb6 Kxb6 52. Ra2 Ne4 53. Rg2 Ka5 54.
Rg6 Kb4 55. Rxa6 Kxb3 56. Rh6 Kxc4 57. Rxh4 Kd3 58. Rh5 c4 0-1

[Event "World Rapid Women 2019"]
[Site "Moscow RUS"]
[Date "2019.12.27"]
[Round "6.11"]
[White "Ushenina, Anna"]
[Black "Charochkina, Daria"]
[Result "0-1"]
[WhiteTitle "GM"]
[BlackTitle "IM"]
[WhiteElo "2416"]
[BlackElo "2355"]
[WhiteFideId "14110911"]
[BlackFideId "4180917"]
[EventDate "2019.12.26"]

1. Nf3 d5 2. g3 Bg4 3. Bg2 Nd7 4. c4 e6 5. cxd5 exd5 6. d3 Bd6 7. h3 Bh5 8. Qb3
Ne7 9. O-O Nc5 10. Qc2 O-O 11. Nc3 c6 12. e4 Bxf3 13. Bxf3 d4 14. Ne2 Ne6 15.
Bg2 Kh8 16. b3 c5 17. f4 f6 18. f5 Ng5 19. Nf4 Rc8 20. h4 Bxf4 21. Bxf4 Nf7 22.
g4 Nc6 23. e5 Nfxe5 24. Qe2 Re8 25. Be4 Nb4 26. Bxe5 Rxe5 27. Rac1 Nd5 28. Qf3
Nc3 29. Rce1 Qe7 30. g5 Re8 31. Qh5 Nxe4 32. dxe4 Rxe4 33. Rxe4 Qxe4 34. Rf2 d3
35. Qf7 Qg4+ 36. Kf1 Qh3+ 37. Rg2 Qf3+ 38. Kg1 Re1+ 39. Kh2 Qf4+ 40. Rg3 Re2+
41. Kh3 Qxf5+ 42. Rg4 Re3+ 43. Kh2 Qf2+ 44. Rg2 Qxh4+ 45. Kg1 Re1# 0-1

[Event "World Rapid Women 2019"]
[Site "Moscow RUS"]
[Date "2019.12.27"]
[Round "6.12"]
[White "Gunina, Valentina"]
[Black "Song, Yuxin"]
[Result "1-0"]
[WhiteTitle "GM"]
[BlackTitle "WIM"]
[WhiteElo "2492"]
[BlackElo "2299"]
[WhiteFideId "4167570"]
[BlackFideId "8614300"]
[EventDate "2019.12.26"]

1. d4 Nf6 2. c4 e6 3. Nf3 d5 4. Nc3 Nbd7 5. Bg5 h6 6. Bh4 Be7 7. e3 O-O 8. a3 b6
9. Rc1 Bb7 10. cxd5 exd5 11. Bd3 Ne4 12. Bxe7 Qxe7 13. O-O c5 14. dxc5 Nxc3 15.
Rxc3 Nxc5 16. Nd4 Ne4 17. Rc2 Rac8 18. Qg4 Rxc2 19. Bxc2 Qg5 20. Qxg5 Nxg5 21.
Rd1 Rd8 22. Bb3 Ne6 23. Nb5 a6 24. Nc3 Nc7 25. f3 Re8 26. e4 Rd8 27. exd5 Ne8
28. Kf2 Nd6 29. Na4 b5 30. Nc5 Rc8 31. Ne4 Rd8 32. Rd2 Kf8 33. Nc5 Ke7 34. Rc2
Rc8 35. Ke3 Nf5+ 36. Kd3 Nd6 37. g4 Rc7 38. h4 Nc4 39. Kd4 Bxd5 40. Kxd5 Ne3+
41. Kd4 Nxc2+ 42. Bxc2 Kd6 43. b4 Ra7 44. Be4 f6 45. Bd5 a5 46. bxa5 g5 47. hxg5
hxg5 48. a6 Kc7 49. Bb7 Kb6 50. Nd7+ Ka5 51. Kc3 Ka4 52. Kb2 b4 53. axb4 Kxb4
54. Nxf6 Kc5 55. Ne4+ Kd4 56. Nxg5 Ke3 57. Nf7 Kf4 58. g5 Kf5 59. f4 Kg6 60. Nd6
Kg7 61. Nb5 1-0

[Event "World Rapid Women 2019"]
[Site "Moscow RUS"]
[Date "2019.12.27"]
[Round "6.13"]
[White "Socko, Monika"]
[Black "Abdumalik, Zhansaya"]
[Result "0-1"]
[WhiteTitle "GM"]
[BlackTitle "IM"]
[WhiteElo "2407"]
[BlackElo "2465"]
[WhiteFideId "1106619"]
[BlackFideId "13703544"]
[EventDate "2019.12.26"]

1. d4 Nf6 2. c4 g6 3. Nf3 Bg7 4. g3 O-O 5. Bg2 c5 6. d5 b5 7. cxb5 Qa5+ 8. Nfd2
Qxb5 9. Nc3 Qa6 10. O-O d6 11. h3 Nbd7 12. Kh2 Ne5 13. Qc2 Rb8 14. Re1 h5 15.
Nf3 Nxf3+ 16. Bxf3 Nd7 17. Bg2 Qc4 18. e4 Ne5 19. Re3 Qa6 20. f4 Nc4 21. Rf3 Qa5
22. Bf1 Ba6 23. b3 Na3 24. Bxa3 Qxa3 25. Bxa6 Qxa6 26. e5 dxe5 27. f5 c4 28.
Raf1 cxb3 29. axb3 Rbc8 30. fxg6 fxg6 31. Rxf8+ Bxf8 32. Qf2 Bg7 33. Rc1 Qd3 34.
Ne2 Rxc1 35. Nxc1 Qxd5 36. Qc2 e4 37. Ne2 Qd3 38. Qc8+ Kh7 39. Nf4 Qd2+ 40. Ng2
h4 41. Qg4 hxg3+ 42. Qxg3 Qd6 43. Qxd6 exd6 44. Ne3 Kh6 45. Kg3 Kh5 46. Nd5 Be5+
47. Kg2 g5 48. Ne3 Bf4 49. Nd5 Kg6 50. Kf2 Kf5 51. Ne7+ Ke6 52. Nc6 a6 53. Nb4
a5 54. Nc6 Bd2 55. Ke2 Bc3 56. Nd8+ Kf5 57. Nb7 d5 58. Nd6+ Kf4 59. Nb7 d4 60.
Nc5 d3+ 61. Kd1 Ke5 62. Nd7+ Kd4 63. Nf8 e3 64. Ne6+ 0-1

[Event "World Rapid Women 2019"]
[Site "Moscow RUS"]
[Date "2019.12.27"]
[Round "6.15"]
[White "Stefanova, Antoaneta"]
[Black "Kovalevskaya, Ekaterina"]
[Result "1-0"]
[WhiteTitle "GM"]
[BlackTitle "IM"]
[WhiteElo "2476"]
[BlackElo "2407"]
[WhiteFideId "2902257"]
[BlackFideId "4116704"]
[EventDate "2019.12.26"]

1. Nf3 d5 2. c4 e6 3. g3 c5 4. cxd5 exd5 5. d4 Nc6 6. Bg2 Nf6 7. O-O Be7 8. dxc5
Bxc5 9. a3 Ne4 10. Nfd2 Bf5 11. Nxe4 Bxe4 12. Bxe4 dxe4 13. Qc2 Qe7 14. Nc3 e3
15. Bxe3 Bxe3 16. Nd5 Qe5 17. Nxe3 O-O 18. Rfd1 Nd4 19. Qd3 Rad8 20. Kg2 f5 21.
f4 Qe6 22. Qc4 Qxc4 23. Nxc4 Rfe8 24. e3 Nb3 25. Rab1 b5 26. Ne5 Rc8 27. Rd6
Rc2+ 28. Kh3 Nd2 29. Rd1 Ne4 30. Rd8 Kf8 31. R1d7 Rxd8 32. Rxd8+ Ke7 33. Rd7+
Ke6 34. Rxg7 h5 35. Rxa7 Rxb2 36. Nf3 Nf2+ 37. Kh4 Ng4 38. h3 Nxe3 39. Kxh5 Nf1
40. Nd4+ Kd5 41. Nxf5 Ke4 42. Kg5 Nd2 43. Re7+ Kf3 44. Kh4 Kf2 45. Nd4 Nc4 46.
f5 b4 47. axb4 Rxb4 48. Re4 Ne3 49. Rf4+ Kg2 50. Kg5 Nd5 51. Rh4 Rb8 52. f6 Rg8+
53. Kf5 Rf8 54. g4 Nxf6 55. Ne6 Rf7 56. Kg6 1-0

[Event "World Rapid Women 2019"]
[Site "Moscow RUS"]
[Date "2019.12.27"]
[Round "6.16"]
[White "Buksa, Nataliya"]
[Black "Saduakassova, Dinara"]
[Result "0-1"]
[WhiteTitle "IM"]
[BlackTitle "IM"]
[WhiteElo "2403"]
[BlackElo "2505"]
[WhiteFideId "14123622"]
[BlackFideId "13700090"]
[EventDate "2019.12.26"]

1. e4 e5 2. Nf3 Nc6 3. Bc4 Bc5 4. c3 Nf6 5. d4 exd4 6. e5 d5 7. Bb5 Ne4 8. cxd4
Bb6 9. Nc3 O-O 10. Be3 Bg4 11. Qc2 Bf5 12. Qb3 Ne7 13. O-O c6 14. Be2 Qd7 15.
Rad1 Nxc3 16. bxc3 f6 17. exf6 Rxf6 18. Ne5 Qe8 19. Bg5 Re6 20. f4 Ng6 21. Bh5
Qc8 22. Kh1 h6 23. Bxg6 Bxg6 24. f5 Rxe5 25. dxe5 Bxf5 26. Bf4 Qe6 27. Rfe1 Re8
28. a4 Be4 29. Bg3 Kh7 30. Rf1 Qg6 31. Qb4 Rxe5 32. Rf4 Rh5 33. Rxe4 Qxg3 34. h4
dxe4 35. Qxe4+ Qg6 36. Qxg6+ Kxg6 37. g3 Rd5 38. Re1 Rd3 0-1

[Event "World Rapid Women 2019"]
[Site "Moscow RUS"]
[Date "2019.12.27"]
[Round "6.17"]
[White "Shuvalova, Polina"]
[Black "Mikhaylova, Irina"]
[Result "1-0"]
[WhiteTitle "WGM"]
[BlackTitle "WGM"]
[WhiteElo "2446"]
[BlackElo "2288"]
[WhiteFideId "24171760"]
[BlackFideId "4109040"]
[EventDate "2019.12.26"]

1. e4 c5 2. Nf3 Nc6 3. Bb5 Na5 4. O-O a6 5. Be2 b5 6. a4 b4 7. d4 cxd4 8. Nxd4
e6 9. Be3 Nf6 10. Nd2 d5 11. e5 Nd7 12. f4 Bc5 13. Kh1 O-O 14. Bd3 g6 15. Qe2
Qb6 16. c3 Nc6 17. N2b3 Nxd4 18. cxd4 Be7 19. a5 Qb8 20. g4 f5 21. h4 Bb7 22.
Rac1 Qd8 23. h5 Rf7 24. g5 gxh5 25. Qxh5 Nf8 26. Kg2 Rc8 27. Qe2 Ra8 28. Rh1 Ng6
29. Kg3 Bxg5 30. Qh5 Be7 31. Nc5 Bxc5 32. Rxc5 Rc8 33. Rxc8 Bxc8 34. Ra1 Rg7 35.
Kf2 Nh4 36. Rh1 Ng6 37. Rc1 Rc7 38. Ra1 Rg7 39. Qg5 Qe8 40. Qf6 Rf7 41. Qg5 Rg7
42. Rg1 Qe7 43. Qxe7 Nxe7 44. Rc1 Bb7 45. Rc5 Ng6 46. Bd2 Kf7 47. Rc7+ 1-0

[Event "World Rapid Women 2019"]
[Site "Moscow RUS"]
[Date "2019.12.27"]
[Round "6.18"]
[White "Munguntuul, Batkhuyag"]
[Black "Fataliyeva, Ulviyya"]
[Result "1-0"]
[WhiteTitle "IM"]
[BlackTitle "WGM"]
[WhiteElo "2430"]
[BlackElo "2387"]
[WhiteFideId "4900758"]
[BlackFideId "13403052"]
[EventDate "2019.12.26"]

1. e4 e6 2. d4 d5 3. Nc3 Nf6 4. e5 Nfd7 5. f4 c5 6. Nf3 Nc6 7. Be3 cxd4 8. Nxd4
Bc5 9. Qd2 O-O 10. O-O-O a6 11. Nb3 Bxe3 12. Qxe3 b5 13. Bd3 b4 14. Ne4 a5 15.
Kb1 Ba6 16. Ng5 Bxd3 17. Qxd3 g6 18. Qh3 h5 19. Nxe6 Qe7 20. Nxf8 Nxf8 21. Rxd5
Ne6 22. Qe3 a4 23. Nd2 a3 24. b3 Nc7 25. Rc5 Na7 26. Ne4 Rd8 27. f5 Nab5 28. Qh6
Nc3+ 29. Rxc3 Qxe5 30. fxg6 fxg6 31. Qxg6+ Kh8 32. Ng5 Rd7 33. Rf1 1-0

[Event "World Rapid Women 2019"]
[Site "Moscow RUS"]
[Date "2019.12.27"]
[Round "6.19"]
[White "Nomin-Erdene, Davaademberel"]
[Black "Danielian, Elina"]
[Result "1/2-1/2"]
[WhiteTitle "IM"]
[BlackTitle "GM"]
[WhiteElo "2425"]
[BlackElo "2399"]
[WhiteFideId "4900782"]
[BlackFideId "13300210"]
[EventDate "2019.12.26"]

1. e4 e6 2. d4 d5 3. Nc3 Nf6 4. e5 Nfd7 5. f4 c5 6. Nf3 Nc6 7. Be3 a6 8. Qd2 b5
9. a3 Qa5 10. Be2 b4 11. Nd1 Qb6 12. axb4 Qxb4 13. c3 Qb6 14. dxc5 Bxc5 15. b4
Bxe3 16. Qxe3 O-O 17. Qxb6 Nxb6 18. Ne3 a5 19. b5 Nd8 20. Nd4 Bd7 21. Bd3 Nb7
22. Ke2 Rfc8 23. Ra3 Nc5 24. Rha1 a4 25. Rb1 h6 26. Rb4 Ra5 27. Nd1 Kf8 28. Ne3
Ke7 29. g4 f6 30. Rb1 fxe5 31. fxe5 Nxd3 32. Kxd3 Rc5 33. Rb4 Bxb5+ 34. Kd2 Nc4+
35. Nxc4 dxc4 36. Nxb5 Rcxb5 37. Rxb5 Rxb5 38. Rxa4 Rd5+ 39. Ke3 Rxe5+ 40. Kd4
Re2 41. Rxc4 Rxh2 42. Ke5 Re2+ 43. Kf4 Kf6 44. Rc6 Rc2 45. Rc5 Rc1 46. Kf3 g6
47. Kf4 Rf1+ 48. Kg3 Re1 49. Kf4 g5+ 50. Kf3 Rf1+ 51. Kg2 Rd1 52. Kf3 Rd3+ 53.
Kf2 Rd5 54. Rc8 Ke5 55. Ke3 Rd1 56. Rc5+ Kd6 57. Rc8 Rf1 58. Rh8 Rh1 59. Ke4
Re1+ 60. Kf3 Ke5 61. Rxh6 Rc1 62. Rg6 Rxc3+ 63. Kg2 Kf4 64. Rxe6 Rc2+ 65. Kh3
Rc3+ 66. Kg2 Kxg4 67. Re4+ Kf5 68. Ra4 Rc2+ 69. Kg3 Rc3+ 70. Kg2 g4 71. Ra8 Rc2+
72. Kg3 Rc3+ 73. Kg2 Rc6 74. Kg3 Rc3+ 75. Kg2 Rf3 76. Rf8+ Kg5 77. Rxf3 1/2-1/2

[Event "World Rapid Women 2019"]
[Site "Moscow RUS"]
[Date "2019.12.27"]
[Round "6.20"]
[White "Guichard, Pauline"]
[Black "Nebolsina, Vera"]
[Result "1-0"]
[WhiteTitle "IM"]
[BlackTitle "WGM"]
[WhiteElo "2408"]
[BlackElo "2240"]
[WhiteFideId "639370"]
[BlackFideId "4163591"]
[EventDate "2019.12.26"]

1. c4 Nf6 2. Nf3 g6 3. b3 Bg7 4. Bb2 d6 5. d4 Nbd7 6. g3 O-O 7. Bg2 e5 8. dxe5
dxe5 9. Nc3 e4 10. Nd4 e3 11. f3 c6 12. O-O Nc5 13. b4 Ne6 14. Nc2 Qe7 15. Qc1
Bh6 16. f4 Ng7 17. Qxe3 Be6 18. Ne4 Nxe4 19. Qxe4 Rfe8 20. Qd4 Rad8 21. Qc3 Bg4
22. Rf2 Bf5 23. e4 Bxe4 24. Bxe4 Qxe4 25. Re1 Qf5 26. Rfe2 Rxe2 27. Rxe2 Qd7 28.
Ne3 f5 29. c5 Qf7 30. Nc4 Rd1+ 31. Kf2 Rh1 32. Nd6 Rxh2+ 33. Kg1 Rxe2 34. Nxf7
Kxf7 35. Qf6+ Ke8 36. Be5 Rd2 37. Bd6 Re2 38. Qf8+ Kd7 39. Qf7+ Kd8 40. Qc7+ Ke8
41. Qc8+ Kf7 42. Qf8+ Ke6 43. Qe7+ Kd5 1-0